000 00689nam a22001817a 4500
003 UA-OsUOA
001 15972
007 ta
008 20031215b un ||||| |||| 00| 0 ukr d
100 _aТищенко О.
942 _cSA
040 _aUA-OsUOA
_cUA-OsUOA
_dUA-OsUOA
245 _aПоневолені , але не скорені
_b[У Рівному відбулася наук.-практ. конф., присвяч. 60-літтю проведення на Рівненщині 1-ї Конф. поневолених народів]
300 _aС.1,2
955 _a0
773 0 _w0
_tПогляд
_dРівне
_d2003
_g№12/27 листоп./
650 7 _aКонференції
_2UDC
999 _c302137
_d302137